[Event "Bangkok op 22nd"]
[Site "Bangkok"]
[Date "2025.04.16"]
[Round "4"]
[White "Batashevs, Arsens"]
[Black "Tejaswini, Sagar"]
[Result "1-0"]
[WhiteElo "2159"]
[BlackElo "1951"]
[PlyCount "45"]
[EventDate "2025.04.13"]
[EventType "swiss"]
[EventRounds "9"]
[EventCountry "THA"]
[SourceTitle "CB17_2025"]
[SourceDate "2025.04.23"]
[SourceVersion "1"]
[SourceVersionDate "2025.04.23"]
[SourceQuality "1"]

1. e4 e5 2. Nf3 Nc6 3. d4 exd4 4. Nxd4 Bc5 5. Nf5 d5 6. Nxg7+ Kf8 7. Nh5 dxe4 8. Qxd8+ Nxd8 9. Bf4 Bd6 10. Bd2 Be5 11. Nc3 f5 12. 0-0-0 Be6 13. f3 exf3 14. gxf3 Nc6 15. Bb5 Nge7 16. Rhe1 Kf7 17. Bf4 Bxc3 18. Rxe6 Ng6 19. Bc4 Nxf4 20. Nxf4 Na5 21. Rd7+ Kf8 22. bxc3 Nxc4 23. Ree7 1-0

[Event "IND-ch (Women) 50th"]
[Site "Karaikudi"]
[Date "2024.10.13"]
[Round "11"]
[White "Rout, Yashita"]
[Black "Tejaswini, Sagar"]
[Result "0-1"]
[WhiteElo "1791"]
[BlackElo "1991"]
[PlyCount "100"]
[EventDate "2024.10.03"]
[EventType "swiss"]
[EventRounds "11"]
[EventCountry "IND"]
[SourceTitle "CB47_2024"]
[SourceDate "2024.11.20"]
[SourceVersion "1"]
[SourceVersionDate "2024.11.20"]
[SourceQuality "1"]

1. e4 e5 2. Nf3 Nc6 3. Bb5 a6 4. Ba4 Nf6 5. 0-0 Be7 6. Re1 b5 7. Bb3 0-0 8. h3 Bb7 9. d3 d6 10. a3 Na5 11. Ba2 c5 12. Nbd2 Bc8 13. Nf1 Be6 14. Ng3 Bxa2 15. Rxa2 Re8 16. c3 Bf8 17. Bg5 h6 18. Bc1 d5 19. Qe2 Nb3 20. Qc2 dxe4 21. dxe4 c4 22. Nd2 Nc5 23. b4 Nd3 24. Rd1 a5 25. Nf3 axb4 26. axb4 Rxa2 27. Qxa2 Nxb4 28. Qe2 Nd3 29. Be3 Qa5 30. Ne1 Qxc3 31. Nxd3 cxd3 32. Rxd3 Qc4 33. f3 b4 34. Qd1 Rb8 35. Rb3 Ra8 36. Rb1 Ra3 37. Nf1 Rd3 38. Qe2 b3 39. Rc1 Qb5 40. Rd1 b2 41. Rb1 Ba3 42. Bf2 Qb3 43. Kh2 Rc3 44. Be3 Rc2 45. Qd1 Nh5 46. Bd2 Qd3 47. Qe1 Nf4 48. Kh1 Qe2 49. Qxe2 Nxe2 50. Be3 Nc3 0-1

[Event "IND-ch (Women) 50th"]
[Site "Karaikudi"]
[Date "2024.10.12"]
[Round "10"]
[White "Tejaswini, Sagar"]
[Black "Natura, Bethi"]
[Result "1/2-1/2"]
[WhiteElo "1991"]
[BlackElo "1709"]
[PlyCount "82"]
[EventDate "2024.10.03"]
[EventType "swiss"]
[EventRounds "11"]
[EventCountry "IND"]
[SourceTitle "CB47_2024"]
[SourceDate "2024.11.20"]
[SourceVersion "1"]
[SourceVersionDate "2024.11.20"]
[SourceQuality "1"]

1. e4 e6 2. d4 d5 3. Nd2 c5 4. exd5 exd5 5. Ngf3 Nf6 6. Bb5+ Bd7 7. Qe2+ Be7 8. dxc5 0-0 9. Nb3 Re8 10. 0-0 a6 11. Bxd7 Nbxd7 12. Qd3 Nxc5 13. Nxc5 Bxc5 14. Bg5 Rc8 15. c3 Rc6 16. Rad1 Qb6 17. b4 Be7 18. Nd4 Rc7 19. Nf5 Bf8 20. Ne3 Rd7 21. Bxf6 Qxf6 22. Nxd5 Qd6 23. Qf3 Red8 24. c4 Qc6 25. Rc1 Rd6 26. Qb3 b5 27. Ne3 Rd3 28. Qb1 bxc4 29. Rxc4 Qb5 30. Rfc1 g6 31. h3 Bh6 32. R1c3 Rd2 33. Qb3 Qe5 34. Rc8 Rxc8 35. Rxc8+ Kg7 36. Qc3 Qxc3 37. Rxc3 Rxa2 38. g3 Bxe3 39. Rxe3 Rb2 40. Ra3 Rxb4 41. Rxa6 Rb3 1/2-1/2

[Event "IND-ch Rapid"]
[Site "Nashik"]
[Date "2024.03.04"]
[Round "2"]
[White "Raja, Rithvik R"]
[Black "Tejaswini, Sagar"]
[Result "1-0"]
[WhiteElo "2387"]
[BlackElo "1999"]
[PlyCount "77"]
[EventDate "2024.03.04"]
[EventType "swiss (rapid)"]
[EventRounds "11"]
[EventCountry "IND"]
[SourceTitle "CBM 219 Extra"]
[Source "ChessBase"]
[SourceDate "2024.05.31"]
[SourceVersion "1"]
[SourceVersionDate "2024.05.31"]
[SourceQuality "1"]

1. Nf3 d5 2. d4 Nf6 3. c4 c6 4. Qb3 dxc4 5. Qxc4 Bf5 6. g3 e6 7. Bg2 Nbd7 8. 0-0 Be7 9. e3 0-0 10. Qe2 Rc8 11. Rd1 b5 12. a4 b4 13. Nbd2 Bc2 14. Re1 b3 15. Nc4 Bb4 16. Bd2 Qe7 17. Rec1 Bxd2 18. Qxd2 c5 19. Ne1 cxd4 20. Nxc2 bxc2 21. Qxd4 Qb4 22. Bf1 Nc5 23. Nd2 a5 24. Qxb4 axb4 25. Rxc2 Nfe4 26. Nxe4 Nxe4 27. Rxc8 Rxc8 28. a5 Nc5 29. a6 Nd7 30. Ra4 b3 31. Rb4 Ra8 32. Rxb3 Nc5 33. Ra3 Ra7 34. b4 Nd7 35. b5 Kf8 36. Rd3 Ke7 37. Rxd7+ Kxd7 38. b6 Ra8 39. b7 1-0

[Event "Budapest Vezerkepzo IM New Year"]
[Site "Budapest"]
[Date "2024.01.12"]
[Round "10"]
[White "Gkavardinas, Antonios"]
[Black "Tejaswini, Sagar"]
[Result "1-0"]
[WhiteElo "2076"]
[BlackElo "1966"]
[PlyCount "119"]
[EventDate "2024.01.05"]
[EventType "tourn"]
[EventRounds "11"]
[EventCountry "HUN"]
[SourceTitle "CBM 218 Extra"]
[Source "ChessBase"]
[SourceDate "2024.03.31"]
[SourceVersion "1"]
[SourceVersionDate "2024.03.31"]
[SourceQuality "1"]

1. e4 e5 2. Nf3 Nc6 3. Bc4 Bc5 4. d3 Nf6 5. 0-0 d6 6. c3 a6 7. a4 Ba7 8. Re1 h6 9. Nbd2 0-0 10. h3 Nh5 11. Nf1 Qf6 12. Be3 Kh8 13. d4 Nf4 14. Ng3 g5 15. dxe5 dxe5 16. Nh2 Qg6 17. Bb3 Rg8 18. Bxa7 Rxa7 19. Ng4 h5 20. Ne3 Ne7 21. Bc2 g4 22. h4 Qf6 23. Nd5 Nexd5 24. exd5 Re8 25. Qd2 Ra8 26. Ne4 Qg7 27. Ng5 Bd7 28. c4 f6 29. Ne4 Rad8 30. Rad1 Bc8 31. a5 f5 32. Ng5 Ne6 33. Rxe5 Nxg5 34. Rxe8+ Rxe8 35. Qxg5 Qxg5 36. hxg5 Rg8 37. Ba4 Rxg5 38. Re1 Rg7 39. Re8+ Rg8 40. c5 Kh7 41. g3 f4 42. Bc2+ Kh8 43. Re5 fxg3 44. Rxh5+ Kg7 45. fxg3 Kf6 46. Kf2 Rg7 47. Ke3 Bd7 48. Kf4 Be8 49. Rh6+ Ke7 50. Rh7 Rxh7 51. Bxh7 Bf7 52. Be4 Kf6 53. b4 Bh5 54. b5 axb5 55. c6 b6 56. a6 b4 57. a7 Bf7 58. a8Q b3 59. Qd8+ Kg7 60. Kg5 1-0

[Event "Budapest Vezerkepzo IM New Year"]
[Site "Budapest"]
[Date "2024.01.09"]
[Round "5"]
[White "Pacher, Milan"]
[Black "Tejaswini, Sagar"]
[Result "1/2-1/2"]
[WhiteElo "2365"]
[BlackElo "1966"]
[PlyCount "145"]
[EventDate "2024.01.05"]
[EventType "tourn"]
[EventRounds "11"]
[EventCountry "HUN"]
[SourceTitle "CBM 218 Extra"]
[Source "ChessBase"]
[SourceDate "2024.03.31"]
[SourceVersion "1"]
[SourceVersionDate "2024.03.31"]
[SourceQuality "1"]

1. d4 d5 2. c4 c6 3. Nf3 Nf6 4. e3 Bf5 5. Nc3 e6 6. Nh4 Be4 7. f3 Bg6 8. Bd2 Be7 9. g3 Qc7 10. Rc1 Qd7 11. c5 Nh5 12. Nxg6 hxg6 13. Kf2 Qd8 14. f4 Nd7 15. Bd3 f5 16. b4 Nhf6 17. h3 Kf7 18. a4 Rh6 19. b5 Qh8 20. Kg2 Qh7 21. Be2 Rh8 22. h4 Nh5 23. Be1 g5 24. fxg5 Bxg5 25. hxg5 Nf4+ 26. exf4 Rxh1 27. Kf2 e5 28. fxe5 f4 29. gxf4 Qf5 30. e6+ Ke7 31. Ke3 R8h3+ 32. Kd2 Nf8 33. bxc6 R1h2 34. Qc2 Qxf4+ 35. Kd1 bxc6 36. Rb1 Qxd4+ 37. Qd2 Qxd2+ 38. Kxd2 Rxc3 39. Kxc3 Rxe2 40. Kd3 Re4 41. Bg3 Kxe6 42. Bd6 Nd7 43. a5 a6 44. Rb7 Rc4 45. g6 Nxc5+ 46. Bxc5 Rxc5 47. Rxg7 Rxa5 48. Ra7 Ra3+ 49. Ke2 Rg3 50. g7 a5 51. Kf2 Rg6 52. Ke3 Kf6 53. Rxa5 Kxg7 54. Kd4 Kf6 55. Kc5 Ke5 56. Ra8 Re6 57. Ra1 Rh6 58. Re1+ Kf4 59. Ra1 Ke3 60. Ra3+ Kd2 61. Ra2+ Kc3 62. Ra3+ Kb2 63. Rg3 Rh4 64. Rg2+ Kc3 65. Rg3+ Kd2 66. Rg2+ Ke3 67. Rg3+ Kf2 68. Rc3 d4 69. Rd3 Ke2 70. Rxd4 Rxd4 71. Kxd4 Kd2 72. Kc5 Kc3 73. Kxc6 1/2-1/2

[Event "Budapest Vezerkepzo IM New Year"]
[Site "Budapest"]
[Date "2024.01.09"]
[Round "6"]
[White "Tejaswini, Sagar"]
[Black "Levitan, Judah Nathan"]
[Result "1/2-1/2"]
[WhiteElo "1966"]
[BlackElo "2082"]
[PlyCount "98"]
[EventDate "2024.01.05"]
[EventType "tourn"]
[EventRounds "11"]
[EventCountry "HUN"]
[SourceTitle "CBM 218 Extra"]
[Source "ChessBase"]
[SourceDate "2024.03.31"]
[SourceVersion "1"]
[SourceVersionDate "2024.03.31"]
[SourceQuality "1"]

1. e4 c5 2. Nf3 d6 3. d4 cxd4 4. Nxd4 Nf6 5. Nc3 Nc6 6. Bg5 e6 7. Qd2 a6 8. 0-0-0 Bd7 9. f3 Nxd4 10. Qxd4 Be7 11. h4 b5 12. g4 h5 13. gxh5 Nxh5 14. Bxe7 Qxe7 15. Qxd6 Qxd6 16. Rxd6 Ke7 17. Rd1 Rac8 18. Rh2 Rc7 19. a3 g6 20. Rdd2 Rb8 21. Nd1 a5 22. Ne3 b4 23. axb4 axb4 24. b3 Nf4 25. Bc4 Be8 26. Rd1 Rc5 27. Kb2 Ra8 28. Rhh1 Raa5 29. c3 bxc3+ 30. Kxc3 Rh5 31. Kb4 Ra8 32. Rdg1 Rb8+ 33. Kc3 Bb5 34. Rg4 Bxc4 35. Nxc4 e5 36. Nxe5 Ne2+ 37. Kd3 Rxe5 38. Kxe2 Rxb3 39. Rg5 f5 40. h5 Ra5 41. Rd1 Raa3 42. hxg6 Re3+ 43. Kf2 Rxf3+ 44. Kg2 f4 45. g7 Rg3+ 46. Rxg3 Rxg3+ 47. Kf2 Rxg7 48. Kf3 Rf7 49. Ra1 Ke6 1/2-1/2

[Event "Budapest Vezerkepzo IM New Year"]
[Site "Budapest"]
[Date "2024.01.06"]
[Round "2"]
[White "Tejaswini, Sagar"]
[Black "Czebe, Attila"]
[Result "0-1"]
[WhiteElo "1966"]
[BlackElo "2346"]
[PlyCount "58"]
[EventDate "2024.01.05"]
[EventType "tourn"]
[EventRounds "11"]
[EventCountry "HUN"]
[SourceTitle "CBM 218 Extra"]
[Source "ChessBase"]
[SourceDate "2024.03.31"]
[SourceVersion "1"]
[SourceVersionDate "2024.03.31"]
[SourceQuality "1"]

1. e4 g6 2. d4 d6 3. Nc3 c6 4. Be3 Bg7 5. h4 Nf6 6. f3 b5 7. a4 b4 8. Na2 a5 9. c3 bxc3 10. Nxc3 Na6 11. g4 h5 12. g5 Nd7 13. Nh3 Nb4 14. Qd2 0-0 15. Na2 Nxa2 16. Rxa2 d5 17. Be2 e5 18. exd5 cxd5 19. dxe5 Nxe5 20. Bd4 Re8 21. Kf2 Nc4 22. Qc3 Re3 23. Bd3 Bf5 24. Bxg7 Rxd3 25. Qf6 Qe8 26. Kg3 Qe4 27. Ng1 Qe1+ 28. Kf4 Re8 29. Bh8 Re4+ 0-1

[Event "Budapest Vezerkepzo IM Christmas"]
[Site "Budapest"]
[Date "2023.12.27"]
[Round "2"]
[White "Tejaswini, Sagar"]
[Black "Mohammad, Nubairshah Shaikh"]
[Result "0-1"]
[WhiteElo "1965"]
[BlackElo "2434"]
[PlyCount "102"]
[EventDate "2023.12.26"]
[EventType "tourn"]
[EventRounds "9"]
[EventCountry "HUN"]
[SourceTitle "CBM 218 Extra"]
[Source "ChessBase"]
[SourceDate "2024.03.31"]
[SourceVersion "1"]
[SourceVersionDate "2024.03.31"]
[SourceQuality "1"]

1. e4 g6 2. d4 Bg7 3. Nc3 c6 4. Nf3 d6 5. Be3 Nf6 6. h3 0-0 7. Qd2 Qa5 8. Bd3 e5 9. 0-0 Nbd7 10. Rfe1 Re8 11. a4 exd4 12. Nxd4 Nc5 13. Bf1 Qc7 14. f3 a5 15. Rad1 b6 16. Nb3 Nb7 17. g4 Nd7 18. f4 Ndc5 19. Nxc5 bxc5 20. Bg2 Be6 21. f5 Bc4 22. b3 Ba6 23. Ne2 c4 24. Bd4 cxb3 25. Bxg7 Kxg7 26. Qd4+ Re5 27. cxb3 Bxe2 28. Rxe2 g5 29. Rc2 f6 30. Rc3 h6 31. Bf3 Ra6 32. Kg2 Rb6 33. h4 Rb4 34. Qd2 Qb6 35. hxg5 hxg5 36. Qc2 c5 37. Rh1 Nd8 38. Kg3 Nf7 39. Rh5 c4 40. Qh2 Rxb3 41. Rh7+ Kf8 42. Qh5 Qg1+ 43. Kh3 Qf1+ 44. Kg3 Qe1+ 45. Kh3 Qh4+ 46. Qxh4 gxh4 47. Rxc4 Ng5+ 48. Kxh4 Rxf3 49. Rh8+ Kg7 50. Rg8+ Kxg8 51. Kh5 Kf7 0-1

[Event "Budapest Vezerkepzo IM 12"]
[Site "Budapest"]
[Date "2023.12.21"]
[Round "8"]
[White "Tejaswini, Sagar"]
[Black "Pacher, Milan"]
[Result "0-1"]
[WhiteElo "1965"]
[BlackElo "2365"]
[PlyCount "88"]
[EventDate "2023.12.14"]
[EventType "tourn"]
[EventRounds "9"]
[EventCountry "HUN"]
[SourceTitle "CBM 217 Extra"]
[Source "ChessBase"]
[SourceDate "2024.01.31"]
[SourceVersion "1"]
[SourceVersionDate "2024.01.31"]
[SourceQuality "1"]

1. e4 c5 2. Nf3 e6 3. d4 cxd4 4. Nxd4 a6 5. c4 Nf6 6. Nc3 Qc7 7. Be2 Bb4 8. Qd3 0-0 9. 0-0 d6 10. Bg5 Nbd7 11. Bxf6 Nxf6 12. Rfc1 Bc5 13. Na4 Ba7 14. b4 Bd7 15. Nb2 Qb6 16. c5 Qxb4 17. a3 Qa5 18. Nb3 Qd8 19. Qxd6 Nxe4 20. Qe5 Bc6 21. Rd1 Bb8 22. Rxd8 Bxe5 23. Rxa8 Rxa8 24. Rb1 Rd8 25. Nd1 f5 26. h3 Nd2 27. Nxd2 Rxd2 28. Bc4 Kf7 29. Bb3 Bd4 30. Rc1 Kf6 31. a4 g5 32. Kf1 h5 33. Ke1 Rd3 34. Bc2 Ra3 35. Kf1 h4 36. f3 Ra2 37. Bb3 Rd2 38. Rb1 g4 39. Bc4 gxf3 40. gxf3 Bxf3 41. Ke1 Rh2 42. Bf1 Bxc5 43. a5 Ra2 44. Nc3 Bf2# 0-1

[Event "IND-ch (Women) 48th"]
[Site "Hatkanangale"]
[Date "2022.12.30"]
[Round "5"]
[White "Kalyani, Sirin"]
[Black "Tejaswini, Sagar"]
[Result "1/2-1/2"]
[WhiteElo "1578"]
[BlackElo "2060"]
[PlyCount "148"]
[EventDate "2022.12.26"]
[EventType "swiss"]
[EventRounds "11"]
[EventCountry "IND"]
[SourceTitle "CBM 212 Extra"]
[Source "ChessBase"]
[SourceDate "2023.03.31"]
[SourceVersion "1"]
[SourceVersionDate "2023.03.31"]
[SourceQuality "1"]

1. e4 e5 2. Nf3 Nc6 3. Bc4 Bc5 4. c3 Nf6 5. d3 a6 6. a4 d6 7. h3 h6 8. Nbd2 Ba7 9. Nf1 0-0 10. Ng3 Ne7 11. 0-0 b5 12. Bb3 Bd7 13. Be3 c5 14. Qd2 Kh7 15. Nh4 Qc7 16. axb5 axb5 17. Bc2 Bb6 18. Rxa8 Rxa8 19. f4 Qc6 20. Kh1 Bc7 21. d4 c4 22. Qe2 Rf8 23. fxe5 dxe5 24. d5 Qa6 25. Qd2 Rg8 26. Kh2 Bb6 27. Bxb6 Qxb6 28. d6 Ng6 29. Nhf5 Bxf5 30. Nxf5 Rd8 31. Qf2 Qxf2 32. Rxf2 Ne8 33. Rd2 Nf4 34. g3 Ne6 35. Rd5 g6 36. Ne7 Rxd6 37. Nc8 Rd8 38. Rxd8 Nxd8 39. b3 Nb7 40. bxc4 bxc4 41. Nb6 Nbd6 42. Kg2 Kg7 43. g4 Nc7 44. Kf3 Ne6 45. h4 Nc5 46. Bb1 f6 47. Ke3 Kf8 48. Nd5 Kf7 49. Nb6 Ke6 50. Kf3 Nb3 51. Bc2 Na5 52. Ba4 Ke7 53. Ke3 f5 54. gxf5 gxf5 55. exf5 Kf6 56. Nd7+ Kxf5 57. Bc2+ Ke6 58. Nf8+ Kd5 59. Nd7 Nb3 60. Nb6+ Kc6 61. Na4 Nc5 62. Nb2 Kd5 63. Bh7 Kc6 64. Bg6 Kb5 65. Bc2 e4 66. Kd4 Nf5+ 67. Ke5 e3 68. Bd1 Nxh4 69. Be2 Ng6+ 70. Kf5 Ne7+ 71. Ke5 Nc6+ 72. Kd5 Ne7+ 73. Ke5 Nc6+ 74. Kd5 Ne7+ 1/2-1/2

[Event "IND-ch (Women) 48th"]
[Site "Hatkanangale"]
[Date "2022.12.28"]
[Round "3"]
[White "Aakanksha, Hagawane"]
[Black "Tejaswini, Sagar"]
[Result "1/2-1/2"]
[WhiteElo "2202"]
[BlackElo "2060"]
[PlyCount "124"]
[EventDate "2022.12.26"]
[EventType "swiss"]
[EventRounds "11"]
[EventCountry "IND"]
[SourceTitle "CBM 212 Extra"]
[Source "ChessBase"]
[SourceDate "2023.03.31"]
[SourceVersion "1"]
[SourceVersionDate "2023.03.31"]
[SourceQuality "1"]

1. e4 e5 2. Nf3 Nc6 3. Bb5 a6 4. Ba4 Nf6 5. 0-0 Be7 6. Re1 b5 7. Bb3 0-0 8. d4 Nxd4 9. Bxf7+ Rxf7 10. Nxe5 Rf8 11. Qxd4 c5 12. Qd1 Bb7 13. Nc3 Qc7 14. Ng4 Rae8 15. Bg5 Nxg4 16. Qxg4 Bxg5 17. Qxg5 h6 18. Qg3 Qxg3 19. hxg3 b4 20. Nd5 Bxd5 21. exd5 Rxe1+ 22. Rxe1 Rf5 23. Rd1 Kf7 24. f3 Ke7 25. c4 bxc3 26. bxc3 c4 27. Rd4 Kd6 28. Rxc4 Rxd5 29. Ra4 a5 30. g4 Kc6 31. c4 Rd1+ 32. Kf2 Kb6 33. Ke3 Rg1 34. c5+ Kxc5 35. Rxa5+ Kb6 36. Rf5 Rxg2 37. Rf7 Kc7 38. Rxg7 Rxa2 39. Rg6 Rh2 40. Kf4 Rh3 41. Rf6 d6 42. Ke4 Kc6 43. f4 Kc5 44. Rf5+ Kc4 45. Ra5 Rg3 46. Kf5 d5 47. Ra6 Rh3 48. Rc6+ Kd4 49. Kg6 Rg3 50. f5 Rxg4+ 51. Kxh6 Rf4 52. Kg6 Kd3 53. f6 d4 54. f7 Rxf7 55. Kxf7 Ke2 56. Re6+ Kf2 57. Rd6 Ke3 58. Ke6 d3 59. Kd5 d2 60. Kc4 Ke2 61. Kc3 d1Q 62. Rxd1 Kxd1 1/2-1/2

[Event "Asian Continental op (Women) 19th"]
[Site "Delhi"]
[Date "2022.10.31"]
[Round "6"]
[White "Ishvi, Aggarwal"]
[Black "Tejaswini, Sagar"]
[Result "1-0"]
[WhiteElo "1964"]
[BlackElo "2112"]
[PlyCount "83"]
[EventDate "2022.10.26"]
[EventType "swiss"]
[EventRounds "9"]
[EventCountry "IND"]
[SourceTitle "EXT 2024"]
[Source "ChessBase"]
[SourceDate "2023.10.10"]
[SourceVersion "1"]
[SourceVersionDate "2023.10.10"]
[SourceQuality "1"]

1. d4 d5 2. c4 c6 3. Nf3 Nf6 4. Nc3 e6 5. e3 Nbd7 6. Qc2 Bd6 7. Bd3 dxc4 8. Bxc4 b5 9. Be2 a6 10. 0-0 0-0 11. e4 e5 12. Rd1 Qc7 13. h3 Re8 14. dxe5 Nxe5 15. Bg5 Nxf3+ 16. Bxf3 Bh2+ 17. Kh1 Be5 18. Rd3 Be6 19. Rad1 Rac8 20. Be2 Bc4 21. Re3 Be6 22. Red3 h6 23. Bh4 c5 24. Bxf6 gxf6 25. Nd5 Bxd5 26. Rxd5 c4 27. Rd7 Qc5 28. Bh5 Rf8 29. Qe2 Rc7 30. Qg4+ Kh8 31. f4 Rxd7 32. Rxd7 c3 33. bxc3 Bxf4 34. Qxf4 Qxh5 35. Qxf6+ Kg8 36. Rd5 Qg6 37. Qe5 Rc8 38. Rd3 Qc6 39. Rd6 Qxc3 40. Rd8+ Kh7 41. Qf5+ Kg7 42. Rxc8 1-0

[Event "Asian Continental op (Women) 19th"]
[Site "Delhi"]
[Date "2022.10.26"]
[Round "1"]
[White "Tejaswini, Sagar"]
[Black "Priyanka, Nutakki"]
[Result "0-1"]
[WhiteElo "2112"]
[BlackElo "2326"]
[PlyCount "64"]
[EventDate "2022.10.26"]
[EventType "swiss"]
[EventRounds "9"]
[EventCountry "IND"]
[SourceTitle "EXT 2024"]
[Source "ChessBase"]
[SourceDate "2023.10.10"]
[SourceVersion "1"]
[SourceVersionDate "2023.10.10"]
[SourceQuality "1"]

1. e4 c5 2. Nf3 d6 3. d4 cxd4 4. Nxd4 Nf6 5. Nc3 a6 6. f3 e5 7. Nb3 Be6 8. Be3 Be7 9. Qd2 b5 10. 0-0-0 Nbd7 11. g4 b4 12. Ne2 a5 13. Kb1 0-0 14. g5 Ne8 15. h4 Nc7 16. Bg2 a4 17. Nbc1 b3 18. Nc3 Qb8 19. h5 Qb7 20. cxb3 axb3 21. a3 d5 22. exd5 Bf5+ 23. Nd3 Nxd5 24. Nxd5 Qxd5 25. Bh3 Bxh3 26. Rxh3 Rfd8 27. Nf2 Qc6 28. Rc1 Qe6 29. Rg3 Nf6 30. Qe2 Qf5+ 31. Ka1 Bxa3 32. bxa3 Rxa3+ 0-1

[Event "Gibraltar Challengers op-B"]
[Site "Caleta"]
[Date "2020.01.29"]
[Round "5"]
[White "Dolzhikova, Olga"]
[Black "Tejaswini, Sagar"]
[Result "1-0"]
[WhiteElo "2123"]
[BlackElo "2180"]
[PlyCount "119"]
[EventDate "2020.01.25"]
[EventType "swiss"]
[EventRounds "5"]
[EventCountry "GGB"]
[SourceTitle "CBM 194 Extra"]
[Source "ChessBase"]
[SourceDate "2020.03.31"]
[SourceVersion "1"]
[SourceVersionDate "2020.03.31"]
[SourceQuality "1"]

1. e4 e5 2. Bc4 Bc5 3. d3 Nf6 4. Nc3 c6 5. Bb3 d5 6. exd5 Nxd5 7. Ne4 Be7 8. Nf3 Nd7 9. Bd2 0-0 10. Qe2 Qc7 11. 0-0-0 N7f6 12. Nxf6+ Bxf6 13. Qe4 Bd7 14. Bg5 Bxg5+ 15. Nxg5 Nf6 16. Qh4 h6 17. Nf3 Rfe8 18. Rhe1 Bf5 19. g4 Bxg4 20. Rg1 Qd7 21. h3 Qf5 22. hxg4 Qxf3 23. g5 hxg5 24. Rxg5 Nh7 25. Rh5 g5 26. Rg1 Qf4+ 27. Qxf4 exf4 28. Rgh1 Nf6 29. Rxg5+ Kf8 30. Rf5 Nd5 31. Bxd5 cxd5 32. Rh7 Re1+ 33. Kd2 Rae8 34. Rfxf7+ Kg8 35. Rfg7+ Kf8 36. Rxb7 Kg8 37. Rbg7+ Kf8 38. Rxa7 Kg8 39. Rhg7+ Kh8 40. Kc3 R1e2 41. Rh7+ Kg8 42. f3 R2e3 43. Rag7+ Kf8 44. Rd7 Kg8 45. Rhg7+ Kh8 46. Rg4 Rc8+ 47. Kd4 Rxf3 48. Rxd5 Rh3 49. c4 Rf8 50. Rgg5 f3 51. Rgf5 Rxf5 52. Rxf5 Kg7 53. Ke3 f2+ 54. Kxf2 Rxd3 55. Ke2 Rh3 56. b3 Kg6 57. Rf2 Rh1 58. Kd3 Rd1+ 59. Kc3 Rc1+ 60. Kb4 1-0

[Event "Gibraltar Challengers op-B"]
[Site "Caleta"]
[Date "2020.01.27"]
[Round "4"]
[White "Tejaswini, Sagar"]
[Black "Osuna Vega, Enrique"]
[Result "1/2-1/2"]
[WhiteElo "2180"]
[BlackElo "2129"]
[PlyCount "73"]
[EventDate "2020.01.25"]
[EventType "swiss"]
[EventRounds "5"]
[EventCountry "GGB"]
[SourceTitle "CBM 194 Extra"]
[Source "ChessBase"]
[SourceDate "2020.03.31"]
[SourceVersion "1"]
[SourceVersionDate "2020.03.31"]
[SourceQuality "1"]

1. e4 d6 2. d4 Nf6 3. Nc3 e5 4. Nf3 Nbd7 5. Bc4 Be7 6. 0-0 0-0 7. Re1 c6 8. a4 a5 9. h3 Nb6 10. Ba2 Nfd7 11. Be3 exd4 12. Bxd4 Nc5 13. Bxc5 dxc5 14. Qxd8 Rxd8 15. Ne5 Rf8 16. Nc4 Nxc4 17. Bxc4 Bd7 18. Rad1 Rad8 19. Rd3 Bc8 20. Red1 g6 21. Ne2 Kg7 22. Nf4 Bg5 23. Rxd8 Rxd8 24. Rxd8 Bxd8 25. Be2 f5 26. exf5 Bxf5 27. g4 Bg5 28. gxf5 Bxf4 29. fxg6 Kxg6 30. Bd3+ Kg7 31. Kg2 h6 32. Kf3 Bc1 33. b3 Kf6 34. Ke4 Bb2 35. f4 Bc1 36. Be2 Ke6 37. Bg4+ 1/2-1/2

[Event "Gibraltar Masters 18th"]
[Site "Caleta"]
[Date "2020.01.23"]
[Round "3"]
[White "Burke, Mitchell R"]
[Black "Tejaswini, Sagar"]
[Result "0-1"]
[WhiteElo "2001"]
[BlackElo "2180"]
[PlyCount "48"]
[EventDate "2020.01.21"]
[EventType "swiss"]
[EventRounds "10"]
[EventCountry "GGB"]
[SourceTitle "CBM 194 Extra"]
[Source "ChessBase"]
[SourceDate "2020.03.31"]
[SourceVersion "1"]
[SourceVersionDate "2020.03.31"]
[SourceQuality "1"]

1. e4 e5 2. Nf3 Nc6 3. Bb5 a6 4. Bxc6 dxc6 5. 0-0 Bg4 6. h3 h5 7. d3 Qf6 8. Be3 Bxf3 9. Qxf3 Qxf3 10. gxf3 Bd6 11. Nd2 0-0-0 12. Nc4 Ne7 13. Nxd6+ cxd6 14. f4 exf4 15. Bxf4 Ng6 16. Be3 Rde8 17. Rae1 Rhf8 18. Kh2 f5 19. Rg1 Ne5 20. Kg2 fxe4 21. Rd1 exd3 22. cxd3 Nf3 23. Rgf1 d5 24. d4 Nh4+ 0-1

[Event "Gibraltar Challengers op-A"]
[Site "Caleta"]
[Date "2020.01.22"]
[Round "3"]
[White "Tejaswini, Sagar"]
[Black "Burke, Mitchell R"]
[Result "1/2-1/2"]
[WhiteElo "2180"]
[BlackElo "2001"]
[PlyCount "42"]
[EventDate "2020.01.20"]
[EventType "swiss"]
[EventRounds "5"]
[EventCountry "GGB"]
[SourceTitle "CBM 194 Extra"]
[Source "ChessBase"]
[SourceDate "2020.03.31"]
[SourceVersion "1"]
[SourceVersionDate "2020.03.31"]
[SourceQuality "1"]

1. e4 c5 2. Nf3 d6 3. d4 cxd4 4. Nxd4 Nf6 5. Nc3 g6 6. Be3 a6 7. h3 b5 8. a4 b4 9. Nd5 Nxd5 10. exd5 Bb7 11. Nb3 Bg7 12. Bd4 0-0 13. Bxg7 Kxg7 14. Qd4+ Kg8 15. a5 Nd7 16. Be2 Qc7 17. Qd2 Nf6 18. Bf3 Rac8 19. Qxb4 Bxd5 20. Bxd5 Nxd5 21. Qd2 Qc4 1/2-1/2